000 00640nam a2200193Ia 4500
005 20260114185605.0
008 008 260114s9999 xx 000 0 eng d
020 _a9781350049307
037 _aEBOOK
040 _aCRL
_beng
_cCRL
041 _aeng
_2eng
084 _qCRL
100 _aPeter Lake and Michael Questier
_9871939
245 4 _aThe Trials of Margaret Clitherow Persecution, Martyrdom and the Politics of Sanctity in Elizabethan England
260 _bBloomsbury
_c2019
856 _uhttps://doi.org/10.5040/9781350049307?locatt=label:secondary_bloomsburyCollections
942 _cEBOOK
999 _c1470887
_d1470887